| 000 | 00771nam a2200229Ia 4500 | ||
|---|---|---|---|
| 003 | GCL | ||
| 008 | 140319s9999 xx 000 0 ara d | ||
| 040 |
_aGCL / _cGCL |
||
| 082 | 0 | 4 |
_aق _b932 _bل م |
| 100 | 1 | _aلوكاس، الفريد | |
| 245 | 1 | 0 |
_aالمواد والصناعات عند قدماء المصريين / _cلوكاس، الفريد |
| 700 | 1 | _aعبدالحميد احمد | |
| 700 | 1 | _aزكى اسكندر | |
| 700 | 1 | _aمحمد زكريا غنيم | |
| 250 | _aالاولى | ||
| 260 |
_aالقاهرة : _bدار الكتاب المصرى ، _c1991 |
||
| 300 |
_a836 ص ؛ _c24 سم |
||
| 650 | 0 | 4 | _aمصر القديمة |
| 650 | 0 | 4 | _aالحضارة الفرعونية |
| 650 | 0 | 4 | _aالعلوم عند الفراعنة |
| 942 |
_2ddc _cBK |
||
| 999 |
_c52523 _d52523 |
||